Marc Bloch /

Sin resumen

Furkejuvvon:
Bibliográfalaš dieđut
Váldodahkki: Le Goff, Jacques
Materiálatiipa: Texto
Fáttát:
Fáddágilkorat: Lasit fáddágilkoriid
Eai fáddágilkorat, Lasit vuosttaš fáddágilkora!

MARC

LEADER 00000 a a2200000 04500
001 13364
003
040
100 |a Le Goff, Jacques  
245 |a Marc Bloch /  |c Jacques Le Goff 
520 |a Sin resumen  
650 |a CIENCIAS SOCIALES  
650 |a HISTORIA  
650 |a IDEOLOGIAS  
650 |a BIOGRAFIAS  
650 |a METODOLOGIA  
773 |g número 23; páginas 3-6  
999 |c 30483  |d 30483